00656 2200241 4500001002100000005001500021035002000036007000300056008003900059020001900098082000800117084001400125100002000139245006200159250001100221260002600232300004200258500001900300650002500319650003000344990002000374990002000394INLIS00000000000311220220906082444 a0010-0922000028ta220906 | | |  a978602684705-8 a813 a813 B. k0 aB. Suryosubroto1 aKisah Ramayana :bSeri Literasi Remaja /cB. Suryosubroto aCet. 3 aJakarta. :bE,c2020. avi + 160 hlm. :bilus. ;c15 x 23 cm. adaftar pustaka aEditor, Alwi Kosasih aIlustrasi, Lillah Fauziah a15453/P/BL/2022 a15555/P/Bl/2022